000 02237nam0a2200385 4500
001 RU\NLR\bibl\736081
005 20260407084502.0
010 _a5-89846-375-5
_bв обл.
_9200
021 _aRU
_b2004-59439
_92930
035 _aRSL-KNO-002480449
035 _a(NLR Aleph) 000726003
090 _a732668
_c732668
100 _a20040928d2004 |||y0rusy50 ca
101 0 _arus
102 _aRU
105 _ay |||||||||
106 _ar
200 1 _aАссамблея представителей коренных малочисленных народов Севера Думы Ханты-Мансийского автономного округа - Югры 3-го созыва
_f[сост.: Е. Е. Пилипенко, Г. И. Краснухина]
210 _aХанты-Мансийск
_cПолиграфист
_d2004
215 _a86 с.
_d21
300 _aВ надзаг.: Рос. Федерация, Дума Ханты-Манс. авт. окр.-Югры, Ассамблея представителей корен. малочисл. народов Севера
606 1 _aМалые народы
_jСъезды, совещания и т.п.
_xЗащита прав
_yХанты-Мансийский автономный округ-Югра
_92379701
_3RU\NLR\auth\661419899
610 0 _aГосударство и право. Юридические науки -- Государственное (конституционное) право -- Российская Федерация -- Правовое положение граждан -- Основные права и свободы граждан -- Сборник нормативных а ктов
686 _aХ620.32-321.2
_2rubbk
686 _aХ620.32я431
702 1 _aПилипенко
_bЕ. Е.
_gЕвгений Евгеньевич
_4220
712 0 2 _4570
_aАссамблея представителей коренных малочисленных народов Севера
_cХанты-Мансийск
_3RU\NLR\AUTH\8810045520
_9590522
801 0 _aRU
_bRuMoRKP
_c20040928
_grcr
801 1 _aRU
_bRuMoRGB
_c20040928
801 2 _aRU
_bNLR
_c20050316
_gPSBO
942 _cBOOK
980 _aNB
980 _aNBR